000 00812nam a22002057a 4500
999 _c19671
_d19671
003 AR-CdUCM
008 190520b ||||| |||| 00| 0 spa d
040 _aMUNICIPALIDAD PROVINCIAL DEL CUSCO
_cBIBLIOTECA MUNICIPAL DEL CUSCO
082 _a348 /
_bL33
100 _aLedesma, Julio C.
_941151
245 _aEl derecho industrial :
_bContenido, relaciones con otras disciplinas jurídicas y autonomía /
260 _aBuenos Aires :
_bPerrot,
_c1953.
300 _a97 páginas ;
_c23 cm.
505 _aContenido: Concepto del derecho industrial en la doctrina -- Contenido del derecho industrial: planteo del tema -- Contenido del derecho industrial según nuestra tesis...
650 _aDerecho
_9739
650 _aIndustria
_94386
650 _aPerú
_935
942 _2ddc
_cLIBROS
945 _adavv
_d2019-05-20